[Event "GER-ch 82nd"]
[Site "Bonn"]
[Date "2011.05.30"]
[Round "5"]
[White "Buhmann, Rainer"]
[Black "Gschnitzer, Oswald"]
[Result "1-0"]
[WhiteElo "2579"]
[BlackElo "2444"]
[EventDate "2011.05.26"]
[PlyCount "91"]

1. Nf3 c5 2. c4 Nc6 3. Nc3 e5 4. e3 Nf6 5. d4 cxd4 6. exd4 e4 7. Ne5 Bb4 8. Be2 Qa5 9. O-O Nxe5 10. dxe5 Qxe5 11. Bd2 Bc5 12. Nb5 O-O 13. b4 Bd4 14. Nxd4 Qxd4 15. Bf4 Qxd1 16. Rfxd1 b6 17. a4 Bb7 18. a5 d5 19. a6 Bc6 20. b5 Bd7 21. Bg5 Be6 22. Bxf6 gxf6 23. cxd5 Bd7 24. f3 exf3 25. gxf3 Rfe8 26. Kf2 Rac8 27. Rac1 Kf8 28. Bd3 f5 29. Kg3 Ke7 30. d6+ Kf6 31. Kf4 Re5 32. Rxc8 Bxc8 33. Rc1 Be6 34. Rc7 Rd5 35. Be2 Rxd6 36. Rxa7 Rd2 37. Ke3 Ra2 38. f4 Ra3+ 39. Kd2 Ra2+ 40. Ke1 Ra1+ 41. Kf2 Ra2 42. Rc7 Bd5 43. Ke3 Ra4 44. Bd3 Ra3 45. Kd4 Ke6 46. Bxf5+ 1-0

[Event "GER-ch 82nd"]
[Site "Bonn"]
[Date "2011.05.30"]
[Round "5"]
[White "Gustafsson, Jan"]
[Black "Fridman, Daniel"]
[Result "1/2-1/2"]
[WhiteElo "2646"]
[BlackElo "2661"]
[EventDate "2011.05.26"]
[PlyCount "31"]

1. d4 d5 2. c4 dxc4 3. Nf3 Nf6 4. e3 e6 5. Bxc4 c5 6. O-O Nc6 7. Nc3 Be7 8. dxc5 O-O 9. Qc2 Qa5 10. Ne4 Nxe4 11. Qxe4 Qxc5 12. Bd2 Qf5 13. Qxf5 exf5 14. Bc3 Be6 15. Bxe6 fxe6 16. Rfd1 1/2-1/2

[Event "GER-ch 82nd"]
[Site "Bonn"]
[Date "2011.05.30"]
[Round "5"]
[White "Jugelt, Tobias"]
[Black "Vatter, Hans Joachim"]
[Result "1/2-1/2"]
[WhiteElo "2403"]
[BlackElo "2326"]
[EventDate "2011.05.26"]
[PlyCount "111"]

1. d4 Nf6 2. Bf4 c5 3. e3 cxd4 4. exd4 d5 5. c3 Nc6 6. Bd3 Bg4 7. Qb3 Qc8 8. Nd2 e6 9. Ngf3 Be7 10. O-O Bxf3 11. Nxf3 O-O 12. Rfe1 a6 13. Qc2 b5 14. a3 Qb7 15. Qe2 Rfc8 16. Ne5 Nxe5 17. Bxe5 Nd7 18. Bg3 Rc6 19. f4 Bd6 20. Qf3 Nf8 21. f5 Bxg3 22. Qxg3 exf5 23. Bxf5 a5 24. Qe5 Rb6 25. Qe7 Qc6 26. Qc5 Ne6 27. Qe7 Re8 28. Qh4 h6 29. Re3 b4 30. axb4 axb4 31. Rae1 bxc3 32. bxc3 Rbb8 33. Qg3 Ra8 34. h4 Nf8 35. Rxe8 Rxe8 36. Rxe8 Qxe8 37. Qe5 Qd8 38. g3 Qa5 39. Kh2 g6 40. Bh3 Qxc3 41. Qxd5 Qd2+ 42. Kg1 Ne6 43. Bxe6 Qe1+ 44. Kg2 Qe2+ 45. Kh3 Qxe6+ 46. Qxe6 fxe6 47. Kg4 Kf7 48. Kf4 Kf6 49. Ke4 h5 50. Kf4 Kf7 51. Ke5 Ke7 52. d5 exd5 53. Kxd5 Kf6 54. Ke4 g5 55. hxg5+ Kxg5 56. Kf3 1/2-1/2

[Event "GER-ch 82nd"]
[Site "Bonn"]
[Date "2011.05.30"]
[Round "5"]
[White "Krause, Ullrich"]
[Black "Kessler, Andreas"]
[Result "1/2-1/2"]
[WhiteElo "2283"]
[BlackElo "2167"]
[EventDate "2011.05.26"]
[PlyCount "36"]

1. c4 g6 2. d4 Bg7 3. Nf3 d6 4. g3 Nc6 5. d5 Ne5 6. Nxe5 Bxe5 7. Bg2 Bd7 8. Nd2 Qc8 9. Nf3 Bg7 10. Qb3 c5 11. O-O Nf6 12. Re1 O-O 13. e4 Ng4 14. h3 Ne5 15. Nxe5 Bxe5 16. Kh2 Bd4 17. Be3 Bg7 18. a4 Qc7 1/2-1/2

[Event "GER-ch 82nd"]
[Site "Bonn"]
[Date "2011.05.30"]
[Round "5"]
[White "Kummerow, Heiko"]
[Black "Krassowizkij, Jaroslaw"]
[Result "1-0"]
[WhiteElo "2326"]
[BlackElo "2356"]
[EventDate "2011.05.26"]
[PlyCount "65"]

1. e4 c5 2. Nf3 d6 3. d4 cxd4 4. Nxd4 Nf6 5. Nc3 a6 6. a4 g6 7. Be2 Bg7 8. O-O O-O 9. Be3 Nc6 10. Nb3 Na5 11. e5 Ne8 12. Nxa5 Qxa5 13. Nd5 Be6 14. exd6 exd6 15. Nb6 Rd8 16. c3 Qe5 17. Qd2 Nf6 18. Bd4 Qf5 19. Bd3 Qh5 20. h3 Nd7 21. Be2 Qh4 22. Nxd7 Rxd7 23. Bxg7 Kxg7 24. Rfd1 Rc8 25. Qd4+ Qxd4 26. Rxd4 Rc5 27. Rad1 Bb3 28. R1d2 Kf8 29. Bf3 a5 30. Rxd6 Rxd6 31. Rxd6 Bxa4 32. Bxb7 Rb5 33. Bc6 1-0

[Event "GER-ch 82nd"]
[Site "Bonn"]
[Date "2011.05.30"]
[Round "5"]
[White "Lubbe, Nikolas"]
[Black "Seger, Ruediger"]
[Result "1/2-1/2"]
[WhiteElo "2422"]
[BlackElo "2412"]
[EventDate "2011.05.26"]
[PlyCount "117"]

1. e4 c6 2. d4 d5 3. Nc3 dxe4 4. Nxe4 Bf5 5. Ng3 Bg6 6. h4 h6 7. Nf3 Nd7 8. h5 Bh7 9. Bd3 Bxd3 10. Qxd3 Ngf6 11. Bf4 Qa5+ 12. Bd2 Qc7 13. O-O-O O-O-O 14. Ne4 e6 15. g3 Nxe4 16. Qxe4 Bd6 17. c4 c5 18. d5 Nf6 19. Qc2 exd5 20. cxd5 Rhe8 21. Bc3 Qd7 22. Bxf6 gxf6 23. Kb1 f5 24. Nh4 Re5 25. f4 Re4 26. g4 Rxf4 27. Nxf5 Rxg4 28. Nxh6 Rf4 29. Rhf1 Rxf1 30. Rxf1 Rh8 31. Nxf7 Rxh5 32. Qe4 Bc7 33. d6 Bxd6 34. Nxd6+ Qxd6 35. Qg4+ Kb8 36. Qg8+ Kc7 37. Qg7+ Qd7 38. Qg3+ Qd6 39. Rf7+ Kc6 40. Qxd6+ Kxd6 41. Rxb7 a5 42. Ra7 c4 43. Kc2 Kc6 44. Kc3 Kb6 45. Ra8 Kb5 46. Rb8+ Ka6 47. Kxc4 Rh4+ 48. Kb3 Rh3+ 49. Ka4 Rh4+ 50. Ka3 Rh3+ 51. Rb3 Rh6 52. Rc3 Rg6 53. b3 Rh6 54. Ka4 Rh4+ 55. Rc4 Rh6 56. a3 Rg6 57. Rf4 Rh6 58. Rf8 Rh4+ 59. b4 1/2-1/2

[Event "GER-ch 82nd"]
[Site "Bonn"]
[Date "2011.05.30"]
[Round "5"]
[White "Mueller, Oliver"]
[Black "Mertens, Heiko"]
[Result "1/2-1/2"]
[WhiteElo "2327"]
[BlackElo "2355"]
[EventDate "2011.05.26"]
[PlyCount "33"]

1. e4 d6 2. d4 Nf6 3. Nc3 g6 4. h3 c6 5. Nf3 Bg7 6. Be2 O-O 7. a4 e5 8. dxe5 dxe5 9. Be3 Qe7 10. O-O Nbd7 11. Qd3 Nc5 12. Qc4 Na6 13. a5 Re8 14. Qa4 Nc5 15. Qc4 Na6 16. Qa4 Nc5 17. Qc4 1/2-1/2

[Event "GER-ch 82nd"]
[Site "Bonn"]
[Date "2011.05.30"]
[Round "5"]
[White "Natsidis, Christoph"]
[Black "Tischbierek, Raj"]
[Result "1/2-1/2"]
[WhiteElo "2363"]
[BlackElo "2431"]
[EventDate "2011.05.26"]
[PlyCount "20"]

1. d4 Nf6 2. Nf3 b6 3. g3 Bb7 4. Bg2 g6 5. O-O Bg7 6. c4 O-O 7. Qc2 Be4 8. Qd1 Bb7 9. Qc2 Be4 10. Qd1 Bb7 1/2-1/2

[Event "GER-ch 82nd"]
[Site "Bonn"]
[Date "2011.05.30"]
[Round "5"]
[White "Pitschka, Claus"]
[Black "Molinaroli, Martin"]
[Result "0-1"]
[WhiteElo "2276"]
[BlackElo "2286"]
[EventDate "2011.05.26"]
[PlyCount "34"]

1. e4 c6 2. Nc3 g6 3. Bc4 Bg7 4. Qf3 e6 5. d3 d5 6. Bb3 Nd7 7. a3 Ngf6 8. Nge2 O-O 9. O-O b6 10. Bg5 h6 11. Be3 Ne5 12. Qh3 Neg4 13. Bc1 d4 14. Nb1 e5 15. Qh4 g5 16. Qg3 Nh5 17. Qf3 Ngf6 0-1

[Event "GER-ch 82nd"]
[Site "Bonn"]
[Date "2011.05.30"]
[Round "5"]
[White "Poetsch, Hagen"]
[Black "Zill, Christoph"]
[Result "1-0"]
[WhiteElo "2424"]
[BlackElo "2278"]
[EventDate "2011.05.26"]
[PlyCount "63"]

1. e4 e6 2. d4 d5 3. Nc3 Nf6 4. e5 Nfd7 5. f4 c5 6. Nf3 Nc6 7. Be3 a6 8. Qd2 cxd4 9. Nxd4 Bc5 10. O-O-O Nxd4 11. Bxd4 b5 12. Ne4 Be7 13. Nd6+ Bxd6 14. exd6 O-O 15. Bd3 Nf6 16. Qe3 Bb7 17. Qe5 Ne8 18. Qh5 f5 19. g4 Nf6 20. Qg5 fxg4 21. h3 g3 22. Rhg1 Ne8 23. Qh5 Nf6 24. Bxf6 Rxf6 25. Qxh7+ Kf7 26. Rxg3 Qg8 27. Qh5+ Kf8 28. Rdg1 Rf7 29. Bh7 Qh8 30. Qh6 Rf6 31. Qxg7+ Qxg7 32. Rxg7 1-0

[Event "GER-ch 82nd"]
[Site "Bonn"]
[Date "2011.05.30"]
[Round "5"]
[White "Rietze, Clemens"]
[Black "Bastian, Herbert"]
[Result "1-0"]
[WhiteElo "2283"]
[BlackElo "2332"]
[EventDate "2011.05.26"]
[PlyCount "75"]

1. e4 e5 2. Nf3 Nc6 3. Bb5 Nf6 4. d3 d6 5. c3 g6 6. O-O Bg7 7. Re1 O-O 8. Nbd2 Nd7 9. Ba4 Nc5 10. Bc2 Ne6 11. Nf1 Ne7 12. d4 exd4 13. cxd4 d5 14. e5 Nc6 15. h4 f6 16. h5 fxe5 17. dxe5 Rxf3 18. Qxf3 Ned4 19. Qd1 Nxc2 20. Qxc2 Nxe5 21. Ng3 Bg4 22. hxg6 Nxg6 23. Nf5 Bxf5 24. Qxf5 c6 25. Bg5 Qb6 26. Qe6+ Kh8 27. Bf6 Rf8 28. Bxg7+ Kxg7 29. Re2 Rf6 30. Qg4 Rf4 31. Qg5 d4 32. Rae1 Rf7 33. Re7 Qxb2 34. Rxf7+ Kxf7 35. Qf5+ Kg8 36. Qf6 Qb4 37. Re8+ Nf8 38. Qe6+ 1-0

[Event "GER-ch 82nd"]
[Site "Bonn"]
[Date "2011.05.30"]
[Round "5"]
[White "Siebrecht, Sebastian"]
[Black "Strache, Michael"]
[Result "1-0"]
[WhiteElo "2460"]
[BlackElo "2317"]
[EventDate "2011.05.26"]
[PlyCount "61"]

1. Nf3 Nf6 2. c4 d6 3. d4 g6 4. Nc3 Bg7 5. e4 O-O 6. h3 e5 7. d5 a5 8. Be3 Na6 9. g4 Nd7 10. Rg1 Ndc5 11. h4 c6 12. h5 Rb8 13. Nd2 Bd7 14. Be2 Qh4 15. b3 cxd5 16. Nxd5 Ne6 17. h6 Bh8 18. g5 Rfe8 19. Bg4 Nec5 20. Bxd7 Nxd7 21. Qf3 Qh5 22. Qg2 f5 23. gxf6 g5 24. Bxg5 Nb4 25. Nxb4 axb4 26. Nf3 Nc5 27. Bh4+ Kf7 28. Ng5+ Kxf6 29. Qh3 Kg6 30. Qf5+ Kxh6 31. Qxh7# 1-0

[Event "GER-ch 82nd"]
[Site "Bonn"]
[Date "2011.05.31"]
[Round "6"]
[White "Bastian, Herbert"]
[Black "Krause, Ullrich"]
[Result "1/2-1/2"]
[WhiteElo "2332"]
[BlackElo "2283"]
[EventDate "2011.05.26"]
[PlyCount "120"]

1. e4 e6 2. d4 d5 3. e5 c5 4. c3 Nc6 5. Nf3 Qb6 6. a3 Nh6 7. b4 cxd4 8. cxd4 Nf5 9. Be3 f6 10. exf6 gxf6 11. Bd3 Nxe3 12. fxe3 Bh6 13. Qe2 O-O 14. Nc3 Ne7 15. O-O Bd7 16. Ra2 Rac8 17. Rc2 Ng6 18. Kh1 Kg7 19. g3 a5 20. Nh4 axb4 21. axb4 f5 22. Ng2 Qxb4 23. Rb1 Qa3 24. Rxb7 Rxc3 25. Rxd7+ Kg8 26. Rxc3 Qxc3 27. h4 Ra8 28. g4 Qc6 29. Bb5 Qc1+ 30. Kh2 Ra1 31. gxf5 Qg1+ 32. Kg3 exf5 33. Qf3 f4+ 34. exf4 Bxf4+ 35. Kg4 Qxd4 36. Rd8+ Kg7 37. Qxd5 Qxd5 38. Rxd5 Bh6 39. Rd7+ Kh8 40. Rb7 Ra8 41. h5 Ne5+ 42. Kf5 Nf3 43. Kf6 Rf8+ 44. Ke7 Rg8 45. Bc4 Bg5+ 46. Ke6 Bd2 47. Kf6 Bg5+ 48. Kf5 Rf8+ 49. Kg4 h6 50. Bd5 Ne5+ 51. Kg3 Rd8 52. Be4 Rd7 53. Rb5 Re7 54. Nf4 Bxf4+ 55. Kxf4 Nf7 56. Rb6 Kg7 57. Rg6+ Kf8 58. Bd5 Re1 59. Bc4 Rc1 60. Bd3 Rc5 1/2-1/2

[Event "GER-ch 82nd"]
[Site "Bonn"]
[Date "2011.05.31"]
[Round "6"]
[White "Dranov, Aleksandar"]
[Black "Jugelt, Tobias"]
[Result "0-1"]
[WhiteElo "2465"]
[BlackElo "2403"]
[EventDate "2011.05.26"]
[PlyCount "82"]

1. e4 Nf6 2. Nc3 d5 3. e5 Ne4 4. Nce2 f6 5. d3 Ng5 6. Bxg5 fxg5 7. h4 e6 8. hxg5 Qxg5 9. Nf3 Qe7 10. Qd2 c5 11. Nf4 Qf7 12. d4 c4 13. Be2 Be7 14. O-O-O Nc6 15. Rh2 Bd7 16. Ng5 Bxg5 17. Bh5 g6 18. Bxg6 Qxg6 19. Nxg6 Bxd2+ 20. Rxd2 Rg8 21. Rxh7 O-O-O 22. Rh6 Rde8 23. Rd1 Ne7 24. Nf4 Ref8 25. Rf6 Rxf6 26. exf6 Rf8 27. fxe7 Rxf4 28. Re1 Rf6 29. g4 Be8 30. g5 Rg6 31. f4 Kd7 32. b3 cxb3 33. axb3 Kxe7 34. c4 Bc6 35. Rh1 Rg7 36. Rh4 dxc4 37. bxc4 Be4 38. Rh3 Rf7 39. Rh4 Rh7 40. Rg4 Rh2 41. g6 Rg2 0-1

[Event "GER-ch 82nd"]
[Site "Bonn"]
[Date "2011.05.31"]
[Round "6"]
[White "Gschnitzer, Oswald"]
[Black "Natsidis, Christoph"]
[Result "1/2-1/2"]
[WhiteElo "2444"]
[BlackElo "2363"]
[EventDate "2011.05.26"]
[PlyCount "38"]

1. Nf3 c5 2. c4 Nf6 3. g3 b6 4. Bg2 Bb7 5. O-O e6 6. Nc3 Be7 7. d4 cxd4 8. Qxd4 d6 9. Bg5 Nbd7 10. Nb5 d5 11. cxd5 Bxd5 12. Rac1 O-O 13. Rfd1 Bc5 14. Qf4 h6 15. Bxf6 Nxf6 16. b4 Be7 17. Ne5 Qb8 18. Bxd5 Nxd5 19. Qd4 Bf6 1/2-1/2

[Event "GER-ch 82nd"]
[Site "Bonn"]
[Date "2011.05.31"]
[Round "6"]
[White "Huschenbeth, Niclas"]
[Black "Gustafsson, Jan"]
[Result "1-0"]
[WhiteElo "2502"]
[BlackElo "2646"]
[EventDate "2011.05.26"]
[PlyCount "53"]

1. e4 e5 2. Nf3 Nc6 3. Bc4 Bc5 4. b4 Bxb4 5. c3 Be7 6. d4 Na5 7. Be2 exd4 8. Qxd4 d5 9. Qxg7 Bf6 10. Qg3 dxe4 11. Nd4 Ne7 12. Nb5 Nd5 13. c4 a6 14. cxd5 axb5 15. Nc3 Qd6 16. Bf4 Qb4 17. Be5 Qe7 18. Bxf6 Qxf6 19. O-O Bd7 20. Nxe4 Qd4 21. Qf4 Kd8 22. Rac1 Nc4 23. Bxc4 bxc4 24. Rxc4 Qxc4 25. Qf6+ Ke8 26. Re1 Rf8 27. Nd6# 1-0

[Event "GER-ch 82nd"]
[Site "Bonn"]
[Date "2011.05.31"]
[Round "6"]
[White "Kessler, Andreas"]
[Black "Lubbe, Nikolas"]
[Result "0-1"]
[WhiteElo "2167"]
[BlackElo "2422"]
[EventDate "2011.05.26"]
[PlyCount "51"]

1. f4 Nh6 2. Nf3 g6 3. g3 Bg7 4. Bg2 d5 5. c3 c5 6. Na3 Nc6 7. d3 O-O 8. O-O b6 9. Kh1 Bb7 10. Bd2 d4 11. Qe1 Qd7 12. h3 Rfe8 13. Nc4 b5 14. Nce5 Nxe5 15. fxe5 f6 16. Kh2 Rad8 17. cxd4 cxd4 18. e6 Qd6 19. Bb4 Qb8 20. Bc5 Nf5 21. Qf2 Bh6 22. Nxd4 Be3 23. Nxf5 Bxf2 24. Rxf2 gxf5 25. Bf1 Qe5 26. Bxa7 0-1

[Event "GER-ch 82nd"]
[Site "Bonn"]
[Date "2011.05.31"]
[Round "6"]
[White "Khenkin, Igor"]
[Black "Siebrecht, Sebastian"]
[Result "1-0"]
[WhiteElo "2620"]
[BlackElo "2460"]
[EventDate "2011.05.26"]
[PlyCount "115"]

1. d4 d5 2. c4 e6 3. Nf3 Nf6 4. e3 Be7 5. b3 O-O 6. Bd3 b6 7. O-O Bb7 8. Bb2 Nbd7 9. Nc3 c5 10. cxd5 exd5 11. Rc1 Ne4 12. Qe2 a6 13. Rfd1 cxd4 14. Nxd4 Nxc3 15. Bxc3 Bf6 16. Nf5 Bxc3 17. Rxc3 Nc5 18. Qg4 g6 19. Nd4 Qd6 20. Qg3 Qxg3 21. hxg3 Rfc8 22. Be2 Ne4 23. Rxc8+ Rxc8 24. g4 Kg7 25. f3 Nc3 26. Rd2 Nb1 27. Rd1 Nc3 28. Ra1 Nxe2+ 29. Nxe2 Rc2 30. Nd4 Rc3 31. Kf2 a5 32. a4 Ba6 33. g5 h6 34. gxh6+ Kxh6 35. g4 Kg7 36. g5 f6 37. gxf6+ Kxf6 38. Rh1 Kg7 39. Rg1 Kf6 40. Rh1 Kg7 41. Rb1 Bd3 42. Rg1 Kf6 43. Rh1 Kg7 44. Kg3 Ba6 45. Kf4 Bc8 46. Kg5 Bf5 47. Re1 Bc8 48. Re2 Bh3 49. Rc2 Rxc2 50. Nxc2 Bf1 51. Nd4 Bh3 52. Nb5 Bd7 53. Nc7 Bc6 54. Ne6+ Kh7 55. Nd4 Be8 56. Kf6 Kg8 57. Ke7 Bf7 58. Kd8 1-0

[Event "GER-ch 82nd"]
[Site "Bonn"]
[Date "2011.05.31"]
[Round "6"]
[White "Krassowizkij, Jaroslaw"]
[Black "Strache, Michael"]
[Result "1-0"]
[WhiteElo "2356"]
[BlackElo "2317"]
[EventDate "2011.05.26"]
[PlyCount "47"]

1. d4 f5 2. Nf3 Nf6 3. g3 g6 4. Bg2 Bg7 5. O-O O-O 6. b3 d6 7. Bb2 Na6 8. c4 Qe8 9. Nc3 c5 10. Qc2 Bd7 11. Rfe1 Nh5 12. Rad1 f4 13. Ne4 Rc8 14. Qd2 h6 15. dxc5 Nxc5 16. Ne5 Bxe5 17. Bxe5 Qf7 18. Nxc5 fxg3 19. fxg3 Qf2+ 20. Kh1 Bc6 21. Bxc6 bxc6 22. Bd4 Nxg3+ 23. hxg3 Qxg3 24. Qxh6 1-0

[Event "GER-ch 82nd"]
[Site "Bonn"]
[Date "2011.05.31"]
[Round "6"]
[White "Mertens, Heiko"]
[Black "Molinaroli, Martin"]
[Result "0-1"]
[WhiteElo "2355"]
[BlackElo "2286"]
[EventDate "2011.05.26"]
[PlyCount "68"]

1. c4 Nf6 2. Nc3 g6 3. Nf3 Bg7 4. g3 d6 5. Bg2 c6 6. d4 O-O 7. O-O Qa5 8. h3 Be6 9. d5 cxd5 10. Nd4 dxc4 11. Bxb7 Nbd7 12. Bxa8 Rxa8 13. Nxe6 fxe6 14. Qd4 d5 15. Qh4 Rb8 16. Rd1 e5 17. a3 Qc5 18. Ra2 Qc6 19. Bh6 d4 20. g4 Bxh6 21. Qxh6 Nc5 22. Nb1 Qe4 23. Qd2 Nb3 24. Qe1 Qd5 25. a4 Qe6 26. Nd2 Nc5 27. Rda1 h5 28. f3 Kf7 29. Kg2 Nd5 30. Qg3 Nf4+ 31. Kf2 Rb4 32. Ne4 Nxe4+ 33. fxe4 Rb3 34. Qh4 g5 0-1

[Event "GER-ch 82nd"]
[Site "Bonn"]
[Date "2011.05.31"]
[Round "6"]
[White "Mueller, Oliver"]
[Black "Bracker, Frank"]
[Result "1/2-1/2"]
[WhiteElo "2327"]
[BlackElo "2355"]
[EventDate "2011.05.26"]
[PlyCount "95"]

1. d4 Nf6 2. c4 g6 3. g3 Bg7 4. Bg2 d5 5. cxd5 Nxd5 6. Nf3 O-O 7. O-O Nb6 8. Nc3 Nc6 9. e3 Re8 10. Re1 a5 11. a3 a4 12. Nd2 e5 13. d5 Ne7 14. e4 c6 15. Nf1 cxd5 16. exd5 Nf5 17. f4 Nd4 18. Be3 exf4 19. gxf4 Nb3 20. Nxa4 Rxe3 21. Rxe3 Nxa1 22. Nxb6 Qxb6 23. Kh1 Bxb2 24. Re8+ Kg7 25. f5 Qa5 26. Ng3 Bxf5 27. Rxa8 Qxa8 28. Nxf5+ gxf5 29. d6 Bf6 30. a4 Qa6 31. Qg1 Kf8 32. Qc5 Qxa4 33. d7+ Kg7 34. Qxf5 Qd1+ 35. Bf1 Nc2 36. Qf2 Qe1 37. Qxf6+ Kxf6 38. d8=Q+ Kg7 39. Qg5+ Kf8 40. Qc5+ Kg7 41. Qg5+ Kf8 42. Qd8+ Qe8 43. Qd6+ Qe7 44. Qb8+ Kg7 45. Qg3+ Kf8 46. Qb8+ Qe8 47. Qd6+ Qe7 48. Qb8+ 1/2-1/2

[Event "GER-ch 82nd"]
[Site "Bonn"]
[Date "2011.05.31"]
[Round "6"]
[White "Pitschka, Claus"]
[Black "Poetsch, Hagen"]
[Result "1/2-1/2"]
[WhiteElo "2276"]
[BlackElo "2424"]
[EventDate "2011.05.26"]
[PlyCount "114"]

1. d4 Nf6 2. Nf3 e6 3. Bf4 c5 4. c3 b6 5. e3 Be7 6. h3 Bb7 7. Nbd2 d6 8. Bd3 Nbd7 9. Qe2 Rc8 10. O-O Nf8 11. a4 Ng6 12. Bh2 O-O 13. a5 bxa5 14. Nc4 cxd4 15. exd4 Ba6 16. Nxa5 Bxd3 17. Qxd3 Qb6 18. b4 Nd5 19. Rfc1 a6 20. Nc4 Qc6 21. Ne3 Ndf4 22. Qd1 Qb7 23. h4 Rfd8 24. Bxf4 Nxf4 25. g3 Nh5 26. Qe2 d5 27. Rc2 Rd6 28. Ne5 Nf6 29. Nd3 Rdc6 30. Nc5 Bxc5 31. bxc5 Rb8 32. Rca2 Ne4 33. Nd1 Ra8 34. c4 Nf6 35. Ne3 Rd8 36. cxd5 Nxd5 37. Nxd5 Rxd5 38. Rxa6 Rc8 39. Ra7 Qb4 40. Qf3 Qxd4 41. Qxf7+ Kh8 42. R1a4 Qe5 43. R4a6 Rg8 44. Rxe6 Rd1+ 45. Kh2 Qxc5 46. Re8 Rh1+ 47. Kxh1 Qc6+ 48. Kh2 Qxe8 49. Qxe8 Rxe8 50. f4 h5 51. Kg2 Kh7 52. Kf3 Kg6 53. Ra6+ Kf7 54. f5 Rb8 55. Re6 Rb1 56. Kf4 Rf1+ 57. Kg5 Rf3 1/2-1/2

[Event "GER-ch 82nd"]
[Site "Bonn"]
[Date "2011.05.31"]
[Round "6"]
[White "Seger, Ruediger"]
[Black "Lederle, Vitus"]
[Result "1/2-1/2"]
[WhiteElo "2412"]
[BlackElo "2226"]
[EventDate "2011.05.26"]
[PlyCount "82"]

1. e4 c5 2. c3 d5 3. exd5 Qxd5 4. d4 cxd4 5. cxd4 Nc6 6. Nf3 e5 7. Nc3 Bb4 8. Bd2 Bxc3 9. Bxc3 e4 10. Nd2 Nf6 11. Bc4 Qg5 12. d5 Ne5 13. Bb5+ Bd7 14. Bxd7+ Nexd7 15. O-O O-O 16. d6 Qf4 17. Nc4 Ng4 18. g3 Qg5 19. Qd4 Rfe8 20. Rfe1 Qh6 21. h3 Ngf6 22. Kg2 Qg6 23. Re3 b6 24. a4 Nc5 25. Ne5 Qg5 26. Rd1 Ne6 27. h4 Qf5 28. Qc4 Rac8 29. Qb3 Rc5 30. f4 exf3+ 31. Rxf3 Qe4 32. Re1 Qb7 33. d7 Nxd7 34. Nxf7 Rf5 35. Ng5 Ndc5 36. Qc2 Ref8 37. Kg1 Nxg5 38. Rxf5 Nf3+ 39. Kf2 Nxe1 40. Rxf8+ Kxf8 41. Bxe1 Ne4+ 1/2-1/2

[Event "GER-ch 82nd"]
[Site "Bonn"]
[Date "2011.05.31"]
[Round "6"]
[White "Svane, Rasmus"]
[Black "Andre, Gordon"]
[Result "1-0"]
[WhiteElo "2297"]
[BlackElo "2363"]
[EventDate "2011.05.26"]
[PlyCount "77"]

1. d4 Nf6 2. c4 c5 3. d5 e5 4. Nc3 d6 5. e4 Be7 6. Bd3 Nbd7 7. Nge2 a6 8. h3 b5 9. cxb5 axb5 10. Bxb5 O-O 11. O-O Qa5 12. Qc2 Ba6 13. Bxa6 Qxa6 14. Be3 Rfb8 15. a4 Qc4 16. Rfb1 Qb3 17. Qxb3 Rxb3 18. Nc1 Rb7 19. f3 Ne8 20. Nb5 Nb6 21. b3 f5 22. Ne2 fxe4 23. fxe4 Bd8 24. Nec3 Nd7 25. Kf2 Ba5 26. Ke2 Bxc3 27. Nxc3 Rb4 28. Kd3 Rab8 29. g4 Rxb3 30. Rxb3 Rxb3 31. Rb1 Rxb1 32. Nxb1 Kf7 33. a5 Nc7 34. Nd2 h6 35. Nf3 Nf6 36. Nh4 Na6 37. Nf5 Nb4+ 38. Kc4 Nxe4 39. Nxd6+ 1-0

[Event "GER-ch 82nd"]
[Site "Bonn"]
[Date "2011.05.31"]
[Round "6"]
[White "Tischbierek, Raj"]
[Black "Kummerow, Heiko"]
[Result "1/2-1/2"]
[WhiteElo "2431"]
[BlackElo "2326"]
[EventDate "2011.05.26"]
[PlyCount "87"]

1. g3 g6 2. Bg2 Bg7 3. d4 d6 4. e4 Nf6 5. Ne2 O-O 6. Nbc3 Na6 7. O-O c5 8. h3 cxd4 9. Nxd4 Nc5 10. Re1 Bd7 11. Nd5 e6 12. Nxf6+ Bxf6 13. Bh6 Re8 14. c3 Qb6 15. Qd2 e5 16. Nc2 a5 17. b3 Red8 18. Ne3 Be6 19. f4 Nxe4 20. Bxe4 d5 21. Bg2 exf4 22. gxf4 d4 23. cxd4 Bxd4 24. Qf2 Bxa1 25. Rxa1 f5 26. Re1 Bf7 27. Nc4 Qxf2+ 28. Kxf2 a4 29. Re7 axb3 30. axb3 Ra2+ 31. Kg3 Rd3+ 32. Ne3 Re2 33. Kf3 Rexe3+ 34. Rxe3 Bd5+ 35. Kf2 Rd2+ 36. Ke1 Rxg2 37. Re7 Be4 38. Rg7+ Kf8 39. Rxb7+ Ke8 40. Rxh7 Rb2 41. Rh8+ Kd7 42. Rb8 Bd5 43. Bg5 Rxb3 44. Rxb3 1/2-1/2

[Event "GER-ch 82nd"]
[Site "Bonn"]
[Date "2011.05.31"]
[Round "6"]
[White "Vatter, Hans Joachim"]
[Black "Rietze, Clemens"]
[Result "1-0"]
[WhiteElo "2326"]
[BlackElo "2283"]
[EventDate "2011.05.26"]
[PlyCount "69"]

1. d4 Nf6 2. c4 g6 3. Nc3 d5 4. Bf4 Bg7 5. Qa4+ Bd7 6. Qb3 Nc6 7. e3 Na5 8. Qb4 Nxc4 9. Bxc4 dxc4 10. Qxb7 c5 11. dxc5 Qc8 12. Qb4 Be6 13. Qb5+ Nd7 14. c6 Nb6 15. Nge2 O-O 16. O-O Qe8 17. Nd4 Rc8 18. Be5 Bg4 19. h3 f6 20. hxg4 fxe5 21. Ne6 Rf6 22. Nxg7 Kxg7 23. Qxe5 Kg8 24. Nd5 Nxd5 25. Qxd5+ Qf7 26. Qd7 Rfxc6 27. Qxa7 Qe6 28. a4 Rc5 29. a5 Qxg4 30. Qxe7 R8c7 31. Qd8+ Kg7 32. Rfd1 Kh6 33. Rd4 Qg5 34. Qf8+ Kh5 35. g3 1-0

[Event "GER-ch 82nd"]
[Site "Bonn"]
[Date "2011.06.01"]
[Round "7"]
[White "Buhmann, Rainer"]
[Black "Khenkin, Igor"]
[Result "1/2-1/2"]
[WhiteElo "2579"]
[BlackElo "2620"]
[EventDate "2011.05.26"]
[PlyCount "81"]

1. Nf3 d5 2. d4 Nf6 3. c4 e6 4. g3 dxc4 5. Bg2 Nc6 6. Qa4 Bb4+ 7. Bd2 Nd5 8. Bxb4 Ndxb4 9. O-O Rb8 10. Na3 a6 11. Ne5 O-O 12. Nxc6 Nxc6 13. Qxc4 Qxd4 14. Bxc6 Qxc4 15. Nxc4 bxc6 16. Rfd1 Rb5 17. b3 Re8 18. Rac1 Kf8 19. Nb2 Bb7 20. e4 Ke7 21. Na4 e5 22. f3 f6 23. Kf2 Rd8 24. Rxd8 Kxd8 25. Nc5 Bc8 26. a4 Rb4 27. Rd1+ Ke7 28. Ke3 a5 29. Rd3 f5 30. h4 fxe4 31. fxe4 h5 32. Kd2 g6 33. Kc2 Bg4 34. Kd2 Bc8 35. Kc3 Bg4 36. Rd2 Bc8 37. Rd3 Bg4 38. Kd2 Bc8 39. Ke3 Rb6 40. Kd2 Rb4 41. Kc3 1/2-1/2

[Event "GER-ch 82nd"]
[Site "Bonn"]
[Date "2011.06.01"]
[Round "7"]
[White "Gustafsson, Jan"]
[Black "Svane, Rasmus"]
[Result "1-0"]
[WhiteElo "2646"]
[BlackElo "2297"]
[EventDate "2011.05.26"]
[PlyCount "155"]

1. d4 d5 2. c4 e6 3. Nf3 Nf6 4. Nc3 Be7 5. Qc2 O-O 6. cxd5 Nxd5 7. e4 Nxc3 8. Qxc3 a5 9. a3 Bb4 10. axb4 axb4 11. Rxa8 bxc3 12. Rxb8 cxb2 13. Bxb2 Qd6 14. Kd2 Qb6 15. Bc3 Qa7 16. Rxc8 Qa2+ 17. Ke3 Rxc8 18. Bd3 Qa3 19. Kd2 Qd6 20. Ra1 b6 21. Ke3 h6 22. h4 Rd8 23. Ke2 c5 24. Rd1 c4 25. Bc2 b5 26. Rb1 Qc6 27. d5 exd5 28. Nd4 Qg6 29. g3 dxe4 30. Rxb5 Qg4+ 31. Ke3 Re8 32. Rc5 g6 33. Rxc4 Rc8 34. Rxc8+ Qxc8 35. Bd2 Qe8 36. h5 Qe5 37. hxg6 Qg5+ 38. Ke2 Qxg6 39. Bf4 h5 40. Ke3 Qf6 41. Bxe4 h4 42. gxh4 Qxh4 43. Nf5 Qh3+ 44. Bg3 Qf1 45. Bd5 Qc1+ 46. Ke4 Qh1+ 47. Kf4 Qc1+ 48. Kg4 Qd1+ 49. f3 Qa1 50. Kg5 Qc1+ 51. Kf6 Qa1+ 52. Be5 Qa6+ 53. Nd6 Qd3 54. Bxf7+ Kf8 55. f4 Qh7 56. Bg6 Qh4+ 57. Ke6 Qg4+ 58. f5 Qh3 59. Nc8 Qg4 60. Nb6 Kg8 61. Nd5 Kf8 62. Nf4 Kg8 63. Bf7+ Kh7 64. Ng6 Qh3 65. Kf6 Qh6 66. Ke7 Qg5+ 67. f6 Qe3 68. Ke8 Qe4 69. Nf8+ Kh6 70. Nd7 Qa8+ 71. Ke7 Qa3+ 72. Bd6 Qe3+ 73. Be6 Qg5 74. Ne5 Kh7 75. Bc4 Qe3 76. f7 Qa7+ 77. Ke6 Qb7 78. Bd3+ 1-0

[Event "GER-ch 82nd"]
[Site "Bonn"]
[Date "2011.06.01"]
[Round "7"]
[White "Jugelt, Tobias"]
[Black "Fridman, Daniel"]
[Result "0-1"]
[WhiteElo "2403"]
[BlackElo "2661"]
[EventDate "2011.05.26"]
[PlyCount "90"]

1. e4 d6 2. d4 Nf6 3. Nc3 g6 4. Nf3 Bg7 5. Be2 O-O 6. O-O c6 7. a4 Nbd7 8. h3 e5 9. dxe5 dxe5 10. Be3 Qe7 11. Qd3 Nc5 12. Qc4 Na6 13. Qb3 b6 14. Rfd1 Nh5 15. Qa3 Qxa3 16. Rxa3 Nf4 17. Bf1 Ne6 18. Raa1 Nb4 19. Rac1 Re8 20. Ne2 f5 21. c3 Na6 22. b4 c5 23. exf5 gxf5 24. Nh4 f4 25. Bd2 Rf8 26. Be1 Bb7 27. Rd7 Nac7 28. a5 bxa5 29. bxa5 Bc8 30. Rd6 e4 31. c4 Be5 32. Rdd1 Nd4 33. Nxd4 Bxd4 34. Bc3 Ne6 35. Re1 Bb7 36. Nf3 Bxc3 37. Rxc3 Rad8 38. Rb3 Ba8 39. Rb2 exf3 40. Rxe6 Rd1 41. g3 Rfd8 42. gxf4 Kf7 43. Re5 h6 44. Rf5+ Ke6 45. Re5+ Kf6 0-1